| 000 | 00796nam a2200205 i 4500 | ||
|---|---|---|---|
| 001 | 135340 | ||
| 003 | ES-MaACL | ||
| 005 | 20260127062546.0 | ||
| 007 | t| | ||
| 008 | 070716s1960 sp ||||1| spa d | ||
| 080 | _a347(460)(042) | ||
| 100 | 1 |
_aTornos y Laffite, Cirilo. _9110675 |
|
| 245 | 1 | 3 |
_aEl Derecho Civil posterior al Código _b: discurso leído en la inauguración del curso 1960-61 el día 9 de enero de 1961 / _cpor Cirilo Tornos y Laffite. |
| 260 |
_aMadrid : _bReal Academia de Jurisprudencia y Legislación, _c1961 ( _e[1982]) |
||
| 300 |
_a76 p. ; _c25 cm. |
||
| 500 | _aPrecede al tít.: Real Academia de Jurisprudencia. | ||
| 700 |
_aReal Academia de Jurisprudencia y Legislación de España _9217612 |
||
| 852 |
_aES-MaACL _jC-19622 _bR.47373 |
||
| 999 |
_c135340 _d135340 |
||